Muir's Textbook of Pathology (Record no. 734)

MARC details
000 -LEADER
fixed length control field 00560nam a2200205 4500
003 - CONTROL NUMBER IDENTIFIER
control field OSt
005 - DATE AND TIME OF LATEST TRANSACTION
control field 20231019090810.0
008 - FIXED-LENGTH DATA ELEMENTS--GENERAL INFORMATION
fixed length control field 140716b xxu||||| |||| 00| 0 eng d
020 ## - INTERNATIONAL STANDARD BOOK NUMBER
International Standard Book Number 0340662336
040 ## - CATALOGING SOURCE
Transcribing agency 040a
082 ## - DEWEY DECIMAL CLASSIFICATION NUMBER
Classification number QZ 4 M896 1992
100 ## - MAIN ENTRY--PERSONAL NAME
Personal name Edited by Roderick, N. M. MacSween; Keith, Waley
9 (RLIN) 16800
245 ## - TITLE STATEMENT
Title Muir's Textbook of Pathology
250 ## - EDITION STATEMENT
Edition statement 13th ed.
260 ## - PUBLICATION, DISTRIBUTION, ETC. (IMPRINT)
Place of publication, distribution, etc. London;
Name of publisher, distributor, etc. Arnold,
Date of publication, distribution, etc. 2008.
300 ## - PHYSICAL DESCRIPTION
Extent xvi, 1245p ;
Other physical details col.ill:
Dimensions 27cm .
504 ## - BIBLIOGRAPHY, ETC. NOTE
Bibliography, etc includes references and index
650 ## - SUBJECT ADDED ENTRY--TOPICAL TERM
Topical term or geographic name as entry element Pathology
9 (RLIN) 37
942 ## - ADDED ENTRY ELEMENTS (KOHA)
Source of classification or shelving scheme Other/Generic Classification Scheme
Koha item type Short Loan
Holdings
Withdrawn status Lost status Source of classification or shelving scheme Damaged status Not for loan Home library Current library Date acquired Source of acquisition Inventory number Total Checkouts Full call number Barcode Date last seen Koha item type
    Other/Generic Classification Scheme     MUST Main Library MUST Main Library 11/11/2014 Purchase 97/11233   QZ 4 M896 1992 2014-3342 11/11/2014 Short Loan
    Other/Generic Classification Scheme     MUST Main Library MUST Main Library 11/11/2014 Purchase 03/19133   QZ 4 M896 1992 2014-3343 11/11/2014 Short Loan
    Other/Generic Classification Scheme     MUST Main Library MUST Main Library 11/11/2014 Purchase 03/19134   QZ 4 M896 1992 2014-3344 11/11/2014 Short Loan